000 00491nam a2200157Ia 4500
008 210716s2011 xx 000 0 und d
020 _a9780749462567
041 _aeng
082 _a658.4006 CICP
100 _aCichocki, Patricia;Irwin, Christine
245 _aOrganization design: a guide to building effective organizations.
_bGuide to building effective organizations.
250 _a1
260 _aNew Delhi
_bKogan Page
_c2011
300 _axvii,278
650 _aOrganization Design
999 _c207788
_d207788